Central Library OPAC University of Rajshahi

Solid circuits and microminiaturization : (Record no. 66378)

MARC details
000 -LEADER
fixed length control field 00784nam a2200229 a 4500
001 - CONTROL NUMBER
control field 66378
003 - CONTROL NUMBER IDENTIFIER
rucl marc code BD-RjUL
005 - DATE AND TIME OF LATEST TRANSACTION
control field 20211209081533.0
008 - FIXED-LENGTH DATA ELEMENTS--GENERAL INFORMATION
fixed length control field 170315s1964 enka 001 0 eng d
035 ## - SYSTEM CONTROL NUMBER
System control number (BD-RjUL)66508
040 ## - CATALOGING SOURCE
Original cataloging agency DLC
Transcribing agency FBA
Modifying agency BD-RjUL
Language of cataloging eng
041 ## - LANGUAGE CODE
Language code of text/sound track or separate title eng
082 ## - DEWEY DECIMAL CLASSIFICATION NUMBER
Classification number 621.3815
Edition number 23
Author mark and year SOL 1964
245 10 - TITLE STATEMENT
Title Solid circuits and microminiaturization :
Remainder of title proceedings of the conference held at West Ham College of Technology, June 1963 /
Statement of responsibility, etc. Edited by G. W. A. Dummer
260 ## - PUBLICATION, DISTRIBUTION, ETC. (IMPRINT)
Place of publication, distribution, etc. London :
Name of publisher, distributor, etc. Pergamon Press,
Date of publication, distribution, etc. 1964.
300 ## - PHYSICAL DESCRIPTION
Pagination 346 p. :
Illustrations ill. ;
Size 24 cm.
500 ## - GENERAL NOTE
General note Includes index.
650 #0 - SUBJECT ADDED ENTRY--TOPICAL TERM
Topical term or geographic name as entry element Electronic circuits
Form subdivision Congresses.
9 (RLIN) 196435
Topical term or geographic name as entry element Minature electronic equiptment
General subdivision Congresses.
9 (RLIN) 196436
700 ## - ADDED ENTRY--PERSONAL NAME
Personal name Dummer, G. W. A.
942 ## - ADDED ENTRY ELEMENTS (KOHA)
Source of classification or shelving scheme Dewey Decimal Classification
Koha item type Books
Holdings
Lost status Source of classification or shelving scheme Damaged status Not for loan Collection code Permanent Location Current Location Shelving location Date acquired Source of acquisition Cost, normal purchase price Total Checkouts Full call number Date last seen Copy number Koha item type
  Dewey Decimal Classification   Not For Loan Non-fiction Central Library, University of Rajshahi Central Library, University of Rajshahi Reading Room 01/10/1970 swets and zeithinger 70.00   621.3815 SOL 1964 15/03/2017 C-1 Books
  Dewey Decimal Classification     Non-fiction Central Library, University of Rajshahi Central Library, University of Rajshahi   01/10/1970 Sweets & Zeitlinger 70.00   621.3815 SOL 1964 30/05/2017 C-2 Books
  Dewey Decimal Classification     Non-fiction Central Library, University of Rajshahi Central Library, University of Rajshahi   01/10/1970 Sweets & Zeitlinger 70.00   621.3815 SOL 1964 30/05/2017 C-3 Books